Mathematics and plant physiology (Record no. 36812)

MARC details
000 -LEADER
fixed length control field 00674nam a2200241Ia 4500
082 ## - DEWEY DECIMAL CLASSIFICATION NUMBER
Classification number 581.1:51
Item number ROS
100 ## - MAIN ENTRY--AUTHOR NAME
Personal name CHARLES-EDWARDS, D A
245 #0 - TITLE STATEMENT
Title Mathematics and plant physiology
260 ## - PUBLICATION, DISTRIBUTION, ETC. (IMPRINT)
Place of publication New York
Name of publisher Academic
Year of publication 1981
490 ## - SERIES STATEMENT
Series statement Experimental botany: An international series to monographs
650 ## - SUBJECT ADDED ENTRY--TOPICAL TERM
Topical Term Equilbrium model
650 ## - SUBJECT ADDED ENTRY--TOPICAL TERM
Topical Term Fitted curve
650 ## - SUBJECT ADDED ENTRY--TOPICAL TERM
Topical Term Leaf water relation
650 ## - SUBJECT ADDED ENTRY--TOPICAL TERM
Topical Term Mathematics
650 ## - SUBJECT ADDED ENTRY--TOPICAL TERM
Topical Term Metabolic control
650 ## - SUBJECT ADDED ENTRY--TOPICAL TERM
Topical Term Modelling technique
650 ## - SUBJECT ADDED ENTRY--TOPICAL TERM
Topical Term Organogenesis
650 ## - SUBJECT ADDED ENTRY--TOPICAL TERM
Topical Term Plant physiology
650 ## - SUBJECT ADDED ENTRY--TOPICAL TERM
Topical Term Water uptake
700 ## - ADDED ENTRY--PERSONAL NAME
Personal name ROSE, D A
942 ## - ADDED ENTRY ELEMENTS (KOHA)
Koha item type Books
Holdings
Withdrawn status Lost status Damaged status Not for loan Home library Current library Date acquired Full call number Accession Number Koha item type
        RRII Library RRII Library 16/12/2021 581.1:51 ROS 17210 Books